Microsoft Excel 2000 toàn tập

Wedi'i Gadw mewn:
Manylion Llyfryddiaeth
Prif Awdur: Mark Dodge
Fformat: Llyfr
Iaith:Undetermined
Cyhoeddwyd: Trẻ 2000
Tagiau: Ychwanegu Tag
Dim Tagiau, Byddwch y cyntaf i dagio'r cofnod hwn!
Thư viện lưu trữ: Trung tâm Học liệu Trường Đại học Cần Thơ
LEADER 00449nam a2200145Ia 4500
001 CTU_48653
008 210402s9999 xx 000 0 und d
082 |a 005.3 
082 |b D645 
100 |a Mark Dodge 
245 0 |a Microsoft Excel 2000 toàn tập 
245 0 |c Mark Dodge, Craig Stinson; Dịch giả: Đoàn Công Hùng, Trần Ngọc Hoa 
260 |b Trẻ 
260 |c 2000 
980 |a Trung tâm Học liệu Trường Đại học Cần Thơ